Odhad technickej rezervy na poistné plnenia pomocou Bühlmann-Straubovho kredibilného modelu

Teoretický rámec Bühlmann-Straubovho modelu. Základné predpoklady Bühlmann-Straubovho modelu. Nehomogénny lineárny kredibilný odhad. Homogénny lineárny kredibilný odhad. Stredná kvadratická odchýlka homogénneho a nehomogénneho odhadu rezerv a odhady štrukturálnych parametrov. Praktická aplikácia.

Uložené v:
Podrobná bibliografia
Hlavný autor: Strežo, Marek, 1990-
Médium: Kapitola
Jazyk:Slovak
Predmet:
Tagy: Pridať tag
Žiadne tagy, Buďte prvý, kto otaguje tento záznam!

MARC

LEADER 00000nla a2200000 4500
001 0246782
005 20240502073947.1
041 0 |a slo 
044 |a SK 
245 1 0 |a Odhad technickej rezervy na poistné plnenia pomocou Bühlmann-Straubovho kredibilného modelu  |c Marek Strežo 
520 |a Teoretický rámec Bühlmann-Straubovho modelu. Základné predpoklady Bühlmann-Straubovho modelu. Nehomogénny lineárny kredibilný odhad. Homogénny lineárny kredibilný odhad. Stredná kvadratická odchýlka homogénneho a nehomogénneho odhadu rezerv a odhady štrukturálnych parametrov. Praktická aplikácia. 
610 2 0 |a poistenie 
610 2 0 |a poistné 
610 2 0 |a rezervy technické 
610 2 0 |a odhady 
610 2 0 |a modelovanie 
610 2 0 |a modely 
100 1 |a Strežo, Marek, 1990-